Marketing Journal Gebrauchsanleitungen für die Markt-Bearbeitung

Salvato in:
Dettagli Bibliografici
Natura: Periodico
Lingua:tedesco
Pubblicazione: Hamburg Marketing Journal 1993
Soggetti:
Tags: Aggiungi Tag
Nessun Tag, puoi essere il primo ad aggiungerne!!

MARC

LEADER 00000nas2a2200000 4500
001 s013841
005 20240109100419.1
022 |a 0025-3774 
041 0 |a ger 
044 |a DE 
245 1 0 |a Marketing Journal  |b Gebrauchsanleitungen für die Markt-Bearbeitung 
264 1 |a Hamburg  |b Marketing Journal  |c 1993 
300 |a 2 zv. 
773 0 |w eu_un_cat*s120184 
610 2 0 |a marketing 
610 2 0 |a stratégia marketingová 
610 2 0 |a nástroje marketingové